Focus on community college success / (Record no. 33432)

MARC details
000 -LEADER
fixed length control field 01150cam a2200325 i 4500
005 - DATE AND TIME OF LATEST TRANSACTION
control field 20230905112608.0
008 - FIXED-LENGTH DATA ELEMENTS--GENERAL INFORMATION
fixed length control field 170405t20192019maua b 001 0 eng d
010 ## - LIBRARY OF CONGRESS CONTROL NUMBER
LC control number 2017938977
020 ## - INTERNATIONAL STANDARD BOOK NUMBER
ISBN 9781337406123
Qualifying information (Student edition)
035 ## - SYSTEM CONTROL NUMBER
System control number (OCoLC)ocn995766217
040 ## - CATALOGING SOURCE
Original cataloging agency YDX
Language of cataloging eng
Transcribing agency YDX
Description conventions rda
Modifying agency UAB
-- DCK
-- DLC
042 ## - AUTHENTICATION CODE
Authentication code lccopycat
082 04 - DEWEY DECIMAL CLASSIFICATION NUMBER
Classification number 378.198
Edition number 23
Item number STA-F
100 1# - MAIN ENTRY--AUTHOR
Author Name Staley, Constance Courtney,
245 10 - TITLE STATEMENT
Title Focus on community college success /
Statement of responsibility, etc. Constance Staley (University of Colorado, Colorado Springs).
250 ## - EDITION STATEMENT
Edition statement 5e
260 ## - PUBLICATION, DISTRIBUTION, ETC.
Place of Publication USA:
Name of publisher, distributor, etc. Cengage,
Date of publication, distribution, etc. 2019
300 ## - PHYSICAL DESCRIPTION
Pages xxxvi, 359 pages :
336 ## - CONTENT TYPE
Content type term text
Content type code txt
Source rdacontent
337 ## - MEDIA TYPE
Media type term unmediated
Media type code n
Source rdamedia
338 ## - CARRIER TYPE
Carrier type term volume
Carrier type code nc
Source rdacarrier
504 ## - BIBLIOGRAPHY, ETC. NOTE
Bibliography, etc. note Includes bibliographical references (pages 335-346) and index.
650 #0 - SUBJECT ADDED ENTRY--TOPICAL TERM
Subject / Department College student orientation.
650 #0 - SUBJECT ADDED ENTRY--TOPICAL TERM
Subject / Department Community colleges.
264 #1 - PRODUCTION, PUBLICATION, DISTRIBUTION, MANUFACTURE, AND COPYRIGHT NOTICE
Place of production, publication, distribution, manufacture Boston, MA, USA :
Name of producer, publisher, distributor, manufacturer Cengage,
Date of production, publication, distribution, manufacture, or copyright notice [2019]
264 #4 - PRODUCTION, PUBLICATION, DISTRIBUTION, MANUFACTURE, AND COPYRIGHT NOTICE
Date of production, publication, distribution, manufacture, or copyright notice ©2019
300 ## - PHYSICAL DESCRIPTION
-- color illustrations ;
-- 28 cm
906 ## - LOCAL DATA ELEMENT F, LDF (RLIN)
a 7
b cbc
c orignew
d 2
e epcn
f 20
g y-gencatlg

No items available.

Powered by Koha